000 04547nab a2200325 i 4500
003 BR-BrBNA
005 20241002130351.0
008 241002b2020 bl.qr|pooa||| 00| 0 eng |
040 _aBR-BrBNA
_beng
072 _aK10
_b3290
072 _aF02
100 _aLencina, Kelen Haygert
100 _aAvinio, Renata Smith
100 _aFauerharmel, Mariana
100 _aPimentel, Nathalia
100 _aBisognin, Dilson Antônio
245 _aIntroduction of nodal segments and in vitro rooting of Apuleia leiocarpa
500 _aPublicação on-line; 27 ref.; 2 tables; 2 illus.; Summaries (En, Pt)
520 _a Abstract Apuleia leiocarpa Vogel J. F. Macbr. is a tree species native to Brazil that has high wood quality, and is currently threatened with extinction. Seminal seedlings of grápia are rarely commercialized, and vegetative propagation techniques, such as micropropagation, are considered as alternative methods for the production of grápia trees. However, there is a lack of available information about the in vitro introduction of nodal segments, and little information is available regarding in vitro rooting of grápia trees. As such, there are knowledge gaps that need to be addressed in order to define a micropropagation protocol for this species. Thus, the objective of this study was to evaluate different disinfestation solutions in the introduction of nodal segments and of different types and concentrations of auxins in the in vitro rooting of grápia explants. For the introduction of nodal segments, different types of disinfestation solutions and immersion times were evaluated. For rooting, different concentrations and types of auxins were evaluated. The best disinfestation treatment was found to be immersion in sodium hypochlorite (NaOCl) solution with 2.5% active chlorine for 5 minutes. For rooting, treatment with 1.0 mg L-1 of naphthalene acetic acid (NAA, C10H7 CH2 CO2H) resulted in the highest rates of adventitious rooting. Grápia nodal segments can be established in vitro, and provide a good source of propagules for micropropagation, and rooting can be favored through the application of NAA. Keywords: Asepsis; Auxin; Micropropagation; Grápia
520 _a Resumo Apuleia leiocarpa Vogel J. F. Macbr. é uma espécie arbórea nativa do Brasil que possui madeira de alta qualidade e, atualmente, se encontra ameaçada de extinção. Mudas seminais de grápia dificilmente são comercializadas, sendo técnicas de propagação vegetativa, a exemplo da micropropagação, uma alternativa a ser considerada para produção de mudas. No entanto, há uma falta de informação disponível sobre a introdução in vitro de segmentos nodais e pouca informação está disponível sobre o enraizamento adventício de grápia. Como tal, existem lacunas de conhecimento que precisam ser abordadas para definir um protocolo de micropropagação para essa espécie. Assim, o objetivo deste estudo foi avaliar diferentes soluções de desinfestação na introdução de segmentos nodais e de diferentes tipos e concentrações de auxinas no enraizamento in vitro de explantes de grápia. Para a introdução, foram testados diferentes tipos de solução de desinfestação e tempos de imersão. Para o enraizamento, foram avaliadas diferentes concentrações e tipo de auxina. O melhor tratamento de desinfestação foi a imersão em solução de hipoclorito de sódio (NaOCl) a 2,5% de cloro ativo por 5 minutos. Para o enraizamento, o tratamento com 1,0 mg L-1 de ácido naftalenoacético (ANA, C10H7 CH2 CO2 H) resultou nas maiores taxas enraizamento adventício. Os segmentos nodais de grápia podem ser estabelecidos in vitro, consistindo em boa fonte de propágulos para a micropropagação, e o enraizamento pode ser favorecido pela aplicação de ANA. Palavras-chave: Assepsia; Auxina; Micropropagação; Grápia
650 _aAPULEIA LEIOCARPA
650 _aDESINFECÇÃO
650 _aAUXINA
650 _aMICROPROPAGAÇÃO
650 _aGRAPIAPUNHA
773 0 _04065
_9317480
_dSanta Maria-RS Universidade Federal de Santa Maria - Centro de Pesquisas Florestais.Departamento de Ciências Florestais. Programa de Pós-Graduação em Engenharia Florestal 1991
_o2024-4172
_tCiência Florestal (Brazil)
_x0103-9954; 1980-5098 (on-line)
_gv. 30(4) p. 1290-1298; (Oct-Dec 2020)
_wBR2023001821
856 _uhttps://www.scielo.br/j/cflo/a/tkMzBSLwSmgzxzHXp9mCKWn/?format=pdf&lang=en
942 _cANA
999 _c327911
_d327911